Top 5 Biggest Cities in Angola by Population - Statistics

General Stats
  • This quiz has been taken 11 times
  • The average score is 3 of 5
Answer Stats
Population City % Correct
10.4m Luanda
100%
1.0m Cabinda
78%
1.1m Lubango
67%
914k Benguela
44%
900k Malanje
0%
No matching quizzes found
Score Distribution
Percent of People with Each Score
Percentile by Number Answered
Your Score History
You have not taken this quiz